000
00279nam a2200121Ia 4500
100
_a
Actuniv Group
650
_a
Communication Skill
942
_c
BK
245
_a
Wordsworth English Language Lab:Course ware REP-3
260
_b
Actuniv group
546
_a
ENGLISH
999
_c
20104
_d
20104